000 00658nam a2200157 i 4500
001 54634
003 ES-MaACL
007 t|
008 040108s1892 po ||||1| por d
245 0 0 _aCentenario da descoberta da America por Christovam Colombo 1492-1892.
260 _aPonta Delgada :
_b[s.n.],
_c1892 (
_fTip. do Archivo dos Açores)
300 _a12 p. ;
_c31 cm.
505 8 _aContiene: Do descobrimiento das Antilhas... : cap. 22 do Livro 1º das Saudades da Terra / do Dr. Gaspar Fructuoso -- Carta do Dr. Jeronymo Monetario (Munzmeister) a D. Joâo II de 14 de julio de 1493.
700 1 _aFructuoso, Gaspar.
_952762
852 _aES-MaACL
_jT-652-F-7
999 _c54634
_d54634